Statistiques concernant Culture Générale - Série 879

Cliquez ici pour prendre le quiz!

Statistiques générales

  • Ce quiz a été pris 103 fois
  • Le résultat moyen est 5 sur 10

Statistiques - réponses

QuestionRéponse% Correct
Quel animal est l'emblème du W.W.F., l'organisation mondiale de protection de l'environnement ?panda
98%
Complétez le proverbe : "Les bons comptes font les bons...amis
97%
Dans le film "L'Auberge espagnole", dans quelle ville d'Espagne, Xavier part-il étudier ?Barcelone
86%
Quel poète a écrit “Le Bateau ivre” à l'âge de 17 ans ?Arthur Rimbaud
64%
Quelle actrice fait ses débuts au cinéma dans le film “Jeux interdits”, en 1952 ?Brigitte Fossey
54%
Quelle spécialité de La Nouvelle-Orléans est faite de riz très épicé, garni de poulet et de jambon ?jambalaya
26%
Quelle est la ville natale de Louis Armstrong ?La Nouvelle-Orléans
19%
En 1992, à quelle chanteuse française doit-on les tubes : "Be My Baby" et "Sunday Mondays" ?Vanessa Paradis
16%
Comment se prénomme la fille née de l'union de Mick Jagger avec sa première femme Bianca ?Jade
13%
Comment appelle-t-on la partie jeune et la plus tendre d'un arbre, entre l'écorce et le coeur ?aubier
5%

Distribution des résultats

Percentile par nombre de réponses

% des personnes avec chaque résultat

Votre développement - résultats

Vous n’avez pas pris ce quiz